000 00506nam a2200181 4500
001 9580
005 20230410121005.0
008 060907n1998 dr spa
020 _a9506945357
035 _9funglode9660
041 _aES
050 1 4 _aJF 2051 C932 1998
245 0 _aCrisis representatividad y sistemas de partidos polĂ­ticos /
_cTorcuato Di Tella, ed
260 _aBuenos Aires :
_bNuevo hacer,
_c1998
300 _aix, 374 p.
700 _aDi Tella, Torcuato
942 _2lcc
_cbk
999 _c55800
_d55800